MARC

LEADER 00000nam0a2200000 4500
001 88853
005 20231031102833.0
035 |a (RuTPU)RU\TPU\book\95339 
090 |a 88853 
100 |a 20060110d1962 m y0rusy50 ca 
101 0 |a rus 
102 |a RU 
105 |a a z 000zy 
200 1 |a Русское искусство первой половины XIX века  |f М. М. Ракова  |g Академия художеств СССР; Научно-исследовательский институт теории и истории изобразительных искусств 
210 |a Москва  |c Изд-во Академии художеств СССР  |d 1962 
215 |a 80 с.  |c ил. 
610 1 |a русское искусство 
610 1 |a изобразительное искусство 
610 1 |a 19 век 
675 |a 73/75С  |v 3 
700 1 |a Ракова  |b М. М.  |g Магдалина Михайловна 
712 0 2 |a Академия художеств СССР (АХ СССР)  |b Научно-исследовательский институт теории и истории изобразительных искусств  |c (Москва)  |2 stltpush  |3 (RuTPU)RU\TPU\col\11798 
801 1 |a RU  |b 63413507  |c 20060110  |g PSBO 
801 2 |a RU  |b 63413507  |c 20080118  |g PSBO 
942 |c BK